000 00572nam a2200205Ia 4500
005 20250508165703.0
008 008 250505s9999 xx 000 0 eng d
037 _aTextual
040 _aFEDL
_beng
_cFEDL
041 _aeng
_2eng
084 _a551.566, MEI
_qFEDL
100 _aAden
245 0 _aSunsets twilights and evening skies
260 _aNew York, USA
_bCambridge University Press
_c1993
300 _aix,162p.
365 _aGBP
_b13.95
700 _a Meinel Marjorie
_9781619
942 _cTEXL
_h551.566, MEI
999 _c1396747
_d1396747